Normal view
MARC view
- Tugel, Joyce,
Entry Personal Name
001 - CONTROL NUMBER
- control field: 45769
003 - CONTROL NUMBER IDENTIFIER
- control field: OSt
005 - DATE AND TIME OF LATEST TRANSACTION
- control field: 20220826153458.0
008 - FIXED-LENGTH DATA ELEMENTS
- fixed length control field: 220826|| aca||aabn | a|a d
040 ## - CATALOGING SOURCE
- Original cataloging agency: OSt
- Transcribing agency: OSt
100 ## - HEADING--PERSONAL NAME
- Personal name: Tugel, Joyce,
- Relator term: author.
670 ## - SOURCE DATA FOUND
- Source citation: Work cat.: (OSt)0: Keeley, Page, author. 45767, Science curriculum topic study :
